[Event "COL-chT (Women)"]
[Site "Cartagena"]
[Date "2019.11.27"]
[Round "6.3"]
[White "Ruiz Jaraba, Valentina Sofia"]
[Black "Florez Hernandez, Stefany Juliet"]
[Result "1/2-1/2"]
[WhiteElo "1640"]
[BlackElo "1400"]
[PlyCount "57"]
[EventDate "2019.11.24"]
[EventType "team-swiss"]
[EventRounds "7"]
[EventCountry "COL"]
[SourceTitle "CBM 193 Extra"]
[Source "ChessBase"]
[SourceDate "2020.01.31"]
[SourceVersion "1"]
[SourceVersionDate "2020.01.31"]
[SourceQuality "1"]
[WhiteTeam "Atlantico (W)"]
[BlackTeam "Norte de Santander (W)"]
[WhiteTeamCountry "COL"]
[BlackTeamCountry "COL"]

1. e4 g6 2. d4 d6 3. Bd3 Bg7 4. Nf3 Nf6 5. Qe2 0-0 6. h3 Nbd7 7. 0-0 b6 8. Bf4 Bb7 9. Nbd2 c5 10. c3 Rc8 11. Rfe1 Nh5 12. Bh2 cxd4 13. cxd4 e5 14. Nc4 d5 15. Ncxe5 dxe4 16. Bxe4 Bxe4 17. Qxe4 Re8 18. Rad1 Ndf6 19. Qd3 Nd5 20. Qb3 Re7 21. Rc1 Rxc1 22. Rxc1 Nhf4 23. Bxf4 Nxf4 24. Qc4 Bxe5 25. Nxe5 Qxd4 26. Qxd4 Ne2+ 27. Kf1 Nxd4 28. Ng4 Kg7 29. Ne3 1/2-1/2

[Event "COL-ch U26 (Women)"]
[Site "Medellin"]
[Date "2018.10.19"]
[Round "4"]
[White "Florez Hernandez, Stefany Juliet"]
[Black "Ocampo Betancur, Cristina Angela"]
[Result "0-1"]
[WhiteElo "1497"]
[BlackElo "1753"]
[PlyCount "102"]
[EventDate "2018.10.18"]
[EventType "swiss"]
[EventRounds "6"]
[EventCountry "COL"]
[SourceTitle "CBM 187 Extra"]
[Source "ChessBase"]
[SourceDate "2018.11.04"]
[SourceVersion "1"]
[SourceVersionDate "2018.11.04"]
[SourceQuality "1"]

1. d4 d5 2. e3 Nf6 3. c4 e6 4. Bd3 c5 5. Nf3 Nc6 6. 0-0 Be7 7. b3 cxd4 8. Nxd4 Nxd4 9. exd4 0-0 10. Nd2 b6 11. Bb2 Bb7 12. Re1 Rc8 13. Nf3 Nh5 14. Bc1 dxc4 15. Bxc4 Nf6 16. Be3 Nd5 17. Qe2 Bb4 18. Bd2 Bxd2 19. Qxd2 Qf6 20. Ne5 Rfd8 21. Rad1 Nf4 22. f3 Qg5 23. Kh1 Rxd4 24. Qb2 Rxd1 25. Rxd1 Nd5 26. Nd3 Ne3 27. Qd2 h6 28. Rc1 a6 29. a4 Rd8 30. Rc3 b5 31. axb5 axb5 32. Bxb5 Qxb5 33. Qxe3 Ba6 34. Kg1 Rxd3 35. Rxd3 Qxd3 36. Qxd3 Bxd3 37. Kf2 Kf8 38. Ke3 Bf1 39. g3 Ke7 40. Kd4 Kd6 41. f4 Bg2 42. Kc3 f6 43. Kb4 e5 44. fxe5+ fxe5 45. Kc3 Bf1 46. Kd2 Kd5 47. Ke3 Bb5 48. h3 e4 49. h4 g5 50. hxg5 hxg5 51. Kd2 Kd4 0-1

[Event "COL-chT (Women)"]
[Site "Ibague"]
[Date "2018.10.13"]
[Round "6.4"]
[White "Suarez Ardila, Luisa Maria"]
[Black "Florez Hernandez, Stefany Juliet"]
[Result "1/2-1/2"]
[WhiteElo "1451"]
[BlackElo "1497"]
[PlyCount "60"]
[EventDate "2018.10.11"]
[EventType "team-swiss"]
[EventRounds "6"]
[EventCountry "COL"]
[SourceTitle "CBM 186 Extra"]
[Source "ChessBase"]
[SourceDate "2018.08.24"]
[SourceVersion "1"]
[SourceVersionDate "2018.08.24"]
[SourceQuality "1"]
[WhiteTeam "Meta (W)"]
[BlackTeam "Norte de Santander (W)"]
[WhiteTeamCountry "COL"]
[BlackTeamCountry "COL"]

1. e4 g6 2. Nf3 Bg7 3. d4 d6 4. Nc3 Nf6 5. Bc4 0-0 6. h3 a6 7. a3 b5 8. Bd3 Bb7 9. 0-0 Nbd7 10. Be3 c5 11. dxc5 Nxc5 12. Nd2 Nxd3 13. cxd3 d5 14. e5 Nd7 15. d4 e6 16. Qg4 Nb6 17. h4 h5 18. Qg3 Nc4 19. Nxc4 bxc4 20. Rad1 Bc6 21. Bg5 Qd7 22. Bf6 Rab8 23. Rd2 Rb3 24. Qg5 Rfb8 25. Nd1 Ba4 26. Be7 R3b7 27. Bb4 Kh7 28. Qg3 Qd8 29. Re1 Bf8 30. Bxf8 Qxf8 1/2-1/2

[Event "COL-chT (Women)"]
[Site "Ibague"]
[Date "2018.10.12"]
[Round "4.4"]
[White "Florez Hernandez, Stefany Juliet"]
[Black "Pinillo Canon, Silvana"]
[Result "0-1"]
[WhiteElo "1497"]
[BlackElo "1657"]
[PlyCount "40"]
[EventDate "2018.10.11"]
[EventType "team-swiss"]
[EventRounds "6"]
[EventCountry "COL"]
[SourceTitle "CBM 186 Extra"]
[Source "ChessBase"]
[SourceDate "2018.08.24"]
[SourceVersion "1"]
[SourceVersionDate "2018.08.24"]
[SourceQuality "1"]
[WhiteTeam "Norte de Santander (W)"]
[BlackTeam "Risaralda (W)"]
[WhiteTeamCountry "COL"]
[BlackTeamCountry "COL"]

1. d4 d5 2. e3 Nf6 3. c4 e6 4. Nc3 Be7 5. Bd3 0-0 6. Nf3 a6 7. 0-0 dxc4 8. Bxc4 b5 9. Bd3 Bb7 10. Re1 Re8 11. b3 Nbd7 12. Bb2 c5 13. Ne2 Rc8 14. Rc1 Bf8 15. Ng3 Qb6 16. dxc5 Rxc5 17. Rxc5 Bxc5 18. h4 Rd8 19. Qe2 h6 20. Ne5 Be7 0-1

[Event "COL-chT (Women)"]
[Site "Ibague"]
[Date "2018.10.11"]
[Round "2.4"]
[White "Florez Hernandez, Stefany Juliet"]
[Black "Leal, Dayana Vanessa"]
[Result "0-1"]
[WhiteElo "1497"]
[BlackElo "1442"]
[PlyCount "82"]
[EventDate "2018.10.11"]
[EventType "team-swiss"]
[EventRounds "6"]
[EventCountry "COL"]
[SourceTitle "CBM 186 Extra"]
[Source "ChessBase"]
[SourceDate "2018.08.24"]
[SourceVersion "1"]
[SourceVersionDate "2018.08.24"]
[SourceQuality "1"]
[WhiteTeam "Norte de Santander (W)"]
[BlackTeam "Cauca (W)"]
[WhiteTeamCountry "COL"]
[BlackTeamCountry "COL"]

1. d4 Nf6 2. c4 g6 3. Nc3 Bg7 4. e3 0-0 5. Bd3 d6 6. Nf3 Nbd7 7. 0-0 e5 8. d5 a5 9. e4 Nc5 10. Bc2 Nfd7 11. b3 f5 12. exf5 gxf5 13. Rb1 e4 14. Nd4 Ne5 15. Nce2 Qh4 16. Nf4 Rf6 17. g3 Qg4 18. Nh5 Nf3+ 19. Nxf3 Qxh5 20. Nh4 Qxd1 21. Rxd1 Bd7 22. Re1 Raf8 23. Bg5 R6f7 24. Bd1 Bf6 25. Bh6 Bg7 26. Bg5 Nd3 27. Re3 h6 28. Bf4 Nxf4 29. gxf4 Bd4 30. Bh5 Rg7+ 31. Kf1 Rf6 32. Rg3 Rxg3 33. hxg3 Kg7 34. Ke2 c6 35. Rd1 Bc5 36. Ng2 cxd5 37. cxd5 Bb5+ 38. Ke1 Bb4+ 39. Rd2 Bxd2+ 40. Kxd2 Rf8 41. Ne3 Kf6 0-1

[Event "COL pre olympic sf3"]
[Site "Dosquebradas"]
[Date "2018.06.02"]
[Round "7"]
[White "Quinones, Fernando"]
[Black "Florez Hernandez, Stefany Juliet"]
[Result "1-0"]
[WhiteElo "1769"]
[BlackElo "1530"]
[PlyCount "31"]
[EventDate "2018.05.30"]
[EventType "swiss"]
[EventRounds "10"]
[EventCountry "COL"]
[SourceTitle "CBM 184 Extra"]
[Source "ChessBase"]
[SourceDate "2018.06.28"]
[SourceVersion "1"]
[SourceVersionDate "2018.06.28"]
[SourceQuality "1"]

1. c4 d6 2. d4 g6 3. e4 Bg7 4. h3 Nf6 5. Nc3 0-0 6. Bd3 e5 7. d5 Nbd7 8. Nge2 a6 9. Be3 Ne8 10. g4 Nc5 11. Bc2 Bf6 12. Qd2 Bh4 13. 0-0-0 a5 14. a4 c6 15. b3 Ra6 16. Kb2 1-0

[Event "Uni De Paula Santander op 3rd"]
[Site "Ocana"]
[Date "2017.09.30"]
[Round "5"]
[White "Usuga Arias, Luis Angel"]
[Black "Florez Hernandez, Stefany Juliet"]
[Result "0-1"]
[WhiteElo "1549"]
[BlackElo "1565"]
[PlyCount "54"]
[EventDate "2017.09.29"]
[EventType "swiss"]
[EventRounds "7"]
[EventCountry "COL"]
[SourceTitle "CBM 181 Extra"]
[Source "ChessBase"]
[SourceDate "2017.12.12"]
[SourceVersion "1"]
[SourceVersionDate "2017.12.12"]
[SourceQuality "1"]

1. d4 d5 2. e3 e6 3. c4 c6 4. Nf3 Bd6 5. Be2 f5 6. c5 Bc7 7. b4 Nf6 8. Bb2 0-0 9. Qc2 Nbd7 10. Nbd2 Ne4 11. a3 Qe8 12. 0-0 Rf6 13. Ne5 Rh6 14. Nxe4 fxe4 15. f3 exf3 16. Rxf3 Qe7 17. Raf1 Nf6 18. Ng4 Rg6 19. h3 Bd7 20. Bd3 Rg5 21. Nxf6+ gxf6 22. Rxf6 Qg7 23. Bxh7+ Qxh7 24. Qxh7+ Kxh7 25. Rf7+ Rg7 26. g4 Kg8 27. Kg2 Rxf7 0-1